000 00408nam a2200121 4500
999 _c14280
_d14280
008 190906b ||||| |||| 00| 0 eng d
082 _aDPer 050 T48 Apr-June 2016 v. 187 n. 12-24
100 _939476
_aS.Z.
245 _aMe before you: a three-hankie dose of charm and waterworks/
_cS.Z.
260 _aHong Kong:
_bTime Asia,
_cc2016.
300 _av187 n22, page 51:
_billustrations.
_c27 cm.
942 _2ddc
_cPER